Loading...
History - European History | 0 | 5 | 0 | 1 | 50 | 22 | 67.80 | 4 | 5 |
Science - Chemistry | 0 | 4 | 0 | 2 | 40 | 53 | 97.50 | 2 | 4 |
Literature - European Literature | 0 | 4 | 0 | 2 | 40 | 85 | 112.50 | 1 | 4 |
Science - Physics | 0 | 4 | 0 | 2 | 40 | 44 | 92.75 | 1 | 4 |
Other | 0 | 4 | 1 | 2 | 35 | 9 | 83.75 | 2 | 4 |
History - Other History | 0 | 4 | 2 | 2 | 30 | 60 | 101.50 | 1 | 4 |
Mythology | 0 | 4 | 2 | 0 | 30 | 46 | 82.25 | 2 | 4 |
Science - Biology | 0 | 3 | 0 | 2 | 30 | 92 | 109.67 | 0 | 3 |
Religion | 0 | 3 | 0 | 0 | 30 | 47 | 53.33 | 1 | 3 |
Social Science | 0 | 2 | 0 | 0 | 20 | 74 | 83.00 | 1 | 2 |
Literature - World Literature | 0 | 2 | 0 | 0 | 20 | 49 | 73.00 | 1 | 2 |
Philosophy | 0 | 2 | 1 | 0 | 15 | 51 | 68.50 | 1 | 2 |
Science - Other Science | 0 | 2 | 1 | 0 | 15 | 82 | 87.50 | 1 | 2 |
Fine Arts - Other Fine Arts | 0 | 1 | 0 | 0 | 10 | 99 | 99.00 | 1 | 1 |
Literature - British Literature | 0 | 1 | 0 | 0 | 10 | 97 | 97.00 | 0 | 1 |
History - World History | 0 | 1 | 0 | 0 | 10 | 86 | 86.00 | 1 | 1 |
Fine Arts - Painting & Sculpture | 0 | 0 | 1 | 0 | -5 | 0.00 | 0 | 0 | |
Fine Arts - Classical Music | 0 | 0 | 1 | 0 | -5 | 0.00 | 0 | 0 |